000 01173nam a22002537a 4500
005 20121010141910.0
008 121010t xxu||||| |||| 00| 0 mar d
010 _aMAR-22892
020 _c150.00
_a9788184984286
035 _aMR-15550
037 _bDBAD/PUB
040 _aDPL
_bMR
082 _a891.46301
100 _953016
_aमिरासदार, द.मा.
245 _aभोकरवाडीतील रसवंतीगृह /
_cद.मा.मिरासदार
246 _aBhokarwaditil Rasvantigruha
_bby D.M.Mirasdar
260 _aपुणे
_bमेहता पब्लिशिंग हाऊस
_c2012
270 _bपुणे
_a1941,सदाशिव पेठ,माडीवाले कॉलनी,
_e411030
300 _a148पृ
_c21सेमी(अजिल्द)
650 _aमराठी कथासंग्रह
_954476
650 _aEnglish Short Stories
_954477
942 _2ddc
_cMR
_mमिरास
_h891.46301
999 _c72374
_d72374